000 00695nam a2200205 i 4500
001 27508
003 ES-MaACL
005 20230906153631.0
007 t|
008 030114s1965 sp ||||1| spa d
100 1 _aAubert-Krier, Jane.
_923805
245 1 0 _aGestión de empresa /
_cpor Jane Aubert-Krier ; Prólogo de Antonio Serra Ramoneda ; [Traducción castellana de Francisco Sanuy].
260 _aBarcelona :
_bAriel,
_c[1965]
300 _aXXIII, 507 p. :
_bil. ;
_c24 cm.
700 1 _aSerra Ramoneda, Antonio.
_9105656
700 1 _aSanuy, Francesc.
_9103550
852 _aES-MaACL
_jC-27784
_bR.57076
852 _aES-MaACL
_jE-5321
_bR.89506
852 _aES-MaACL
_jE-5851
_bR.90156
999 _c27508
_d27508